| 000 | 00867nam a2200277 i 4500 | ||
|---|---|---|---|
| 001 | 15250 | ||
| 003 | ES-MaACL | ||
| 005 | 20251014000438.0 | ||
| 007 | t| | ||
| 008 | 000209s1999 sp ||||1| spa d | ||
| 020 | _a84-8307-230-0 | ||
| 080 | _a929 Hitler, Adolf | ||
| 100 | 0 |
_aKershaw, Ian, _d1943- _967940 |
|
| 245 | 1 | 0 |
_aHitler, _b1889-1936 / _cIan Kershaw ; traducción de José Manuel Alvarez Florez. |
| 250 | _a2ª ed. | ||
| 260 |
_aBarcelona : _bPenínsula, _c1999. |
||
| 300 |
_a773 p., [32] p. de lám. ; _c23 cm. |
||
| 490 | 1 |
_aAtalaya ; _v37 |
|
| 504 | _aBibliografía : p. 733-758. | ||
| 600 | 1 | 4 |
_aHitler, Adolf, _d1889-1945- _xBiografías _963837 |
| 700 | 1 |
_aÁlvarez Flórez, José Manuel. _920809 |
|
| 830 | 0 |
_aAtalaya ; _v37 _9180261 |
|
| 852 |
_aES-MaACL _jL-22586 _bR.127886 |
||
| 942 | _2udc | ||
| 999 |
_c15250 _d15250 |
||